00483nam a22001577a 450000500170000001000150001702000260003203500140005803700130007208200130008510000180009824500570011626000450017327000790021830000280029720170824114707.0 aENG-120108 c399.00a9789351951155 aEN-103640 bDBAD/PUB a599.0954 aMenon, Vivek  aThe secret lives of Indian mammals /cby Vivek Menon aGurgaonbHachette Book Publishing c2017 a4th &5 the floor, Corporat Centre Plot NO.94, Sector 44 bGurgaon e122003 a256p. :c21cm(pbk)bcol